Online
Catalog

La gran esperanza / (Record no. 37217)

MARC details
000 -CABECERA
campo de control de longitud fija 00549nam a2200181 a 4500
001 - NÚMERO DE CONTROL
campo de control 000037727
005 - FECHA Y HORA DE LA ÚLTIMA TRANSACCIÓN
campo de control 20201002031115.0
008 - DATOS DE LONGITUD FIJA--INFORMACIÓN GENERAL
campo de control de longitud fija 130304s1983 sp c 000 0 spa d
020 ## - NÚMERO INTERNACIONAL ESTÁNDAR DEL LIBRO
Número Internacional Estándar del Libro 8432058839
040 ## - FUENTE DE LA CATALOGACIÓN
Centro catalogador/agencia de origen DO-SdBNP
Lengua de catalogación spa
Centro/agencia transcriptor BNPHU
100 1# - ENTRADA PRINCIPAL--NOMBRE DE PERSONA
Nombre de persona García Serrano, Rafael
9 (RLIN) 63114
245 13 - MENCIÓN DE TÍTULO
Título La gran esperanza /
Mención de responsabilidad, etc. Rafael García Serrano.
260 ## - PUBLICACIÓN, DISTRIBUCIÓN, ETC.
Lugar de publicación, distribución, etc. Barcelona :
Nombre del editor, distribuidor, etc. Planeta ,
Fecha de publicación, distribución, etc. 1983.
300 ## - DESCRIPCIÓN FÍSICA
Extensión 280 p. :
Otras características físicas retrs. ;
Dimensiones 24 cm.
490 1# - MENCIÓN DE SERIE
Mención de serie Espejo de España
-- 82
500 ## - NOTA GENERAL
Nota general Premio Espejo de España 1983
830 #0 - PUNTO DE ACCESO ADICIONAL DE SERIE-TÍTULO UNIFORME
Título uniforme Espejo de España
Designación de volumen o secuencia 82
9 (RLIN) 64193
Holdings
Estado de retiro Estado de pérdida Restricciones de uso No para préstamo Código de colección Localización permanente Ubicación/localización actual Ubicación en estantería Fecha de adquisición Número de inventario Total de préstamos Signatura topográfica completa Código de barras Fecha visto por última vez Precio válido a partir de Tipo de ítem Koha
        Monografías: Libros y Folletos General General Orden iniciada 04.03.2013 LF1   37727-10 25.06.2020 25.06.2020 No se presta

Powered by Koha